000 00536nam a22001577a 4500
005 20251108165227.0
008 250721s1989 xx 000 0 ara d
082 1 4 _a612.63/مان
245 1 0 _aمانعات الحمل المأخوذة بالفم :
_bجوانبها التقنية و سلامتها /
264 1 _aالإسكندرية :
_bالمكتب الإقليمي لشرق البحر المتوسط،
_c1989.
300 _a48ص
650 1 7 _aالجنس
650 1 7 _aتحديد النسل
942 _2ddc
_cBK
999 _c22630
_d22630